| 000 | 01245nam a2200349 i 4500 | ||
|---|---|---|---|
| 999 |
_c68831 _d68831 |
||
| 001 | 68831 | ||
| 003 | Mx-PuUPA | ||
| 005 | 20220302075613.0 | ||
| 008 | 200312s2016 mx a br 00| 1 spa d | ||
| 020 | _a9786072421677 | ||
| 020 | _a9789687791760 de la colección El barco de vapor | ||
| 040 |
_aMx-PuUPA _bspa _cMx-PuUPA _dMx-PuUPA _erda |
||
| 041 | 0 | _aspa | |
| 100 | 1 |
_aChacek, Karen, _d1972 _eautor _910660 |
|
| 245 | 1 | 0 |
_aUno de esos días / _cKaren Chacek ; ilustraciones de Cecilia Rébola. |
| 250 | _aSegunda edición | ||
| 264 | 3 | 1 |
_aCiudad de México : _bEdiciones SM, _c2016 |
| 300 |
_a47 páginas : _bilustraciones ; _c19 cm. |
||
| 336 |
_2rdacontent _atexto _btxt |
||
| 337 |
_2rdamedia _asin medio _bn |
||
| 338 |
_2rdacarrier _avolumen _bnc |
||
| 490 | 1 |
_aEl barco de vapor. Blanca ; _v46 M |
|
| 650 | 1 | 4 |
_aNiñas _vFicción infantil |
| 650 | 1 | 4 |
_aCuentos infantiles _vFicción |
| 650 | 1 | 4 |
_aNiños _xVida cotidiana _vFicción infantil |
| 700 | 1 |
_aRébora, Cecilia, _eilustrador |
|
| 830 | 3 |
_aEl barco de vapor. _pBlanca ; _v46 M |
|
| 942 |
_2ddc _cLI _h808.8035234 _iB2246 |
||